| 000 | 00349nam a2200145Ia 4500 | ||
|---|---|---|---|
| 008 | 150201s1998 xx 000 0 und d | ||
| 082 |
_a617.525 _bV1998A |
||
| 100 | _aAGARWAL ,S.B. | ||
| 245 | _aVIVA VOCE IN SURGERY | ||
| 250 | _a4TH | ||
| 260 |
_bJAYPEE MEDICAL PUBLISHER _aDELHI _c1998 |
||
| 300 | _a1-224 | ||
| 650 | _aSURGERY | ||
| 942 |
_2ddc _cBK |
||
| 999 |
_c3024 _d3024 |
||